LEADER 00594nab a2200145 i 4500 001 000000317185 003 CaOOAMICUS 005 20180831173223.0 008 180831n xx uu u0 0und r 013 $a26264 040 $aSeMil$bita 100 1 $aManzi, Franco,$d<1966- >.$0(OLS)http://semarc/name/6300 245 14$a«La fine dei secoli» e la salvezza mediata «una volta per tutte» nell?epistola agli Ebrei. 773 0 $t[Gennaio-Dicembre].$g51-115$w()274006 996 $6245$a«La fine dei secoli» e la salvezza mediata «una volta per tutte» nell?epistola agli Ebrei$9(OLS)http://semarc/title/391165 LEADER 00507nab a2200133 i 4500 001 000000310916 003 CaOOAMICUS 005 20180831173023.0 008 180831n xx uu u0 0und r 013 $a20007 040 $aSeMil$bita 245 10$aSanto (Il) Padre alla «Scuola Cattolica» nel XXV di sua pubblicazionee lettere diverse. 773 0 $t[Gennaio-Luglio].$g501-507$w()274031 996 $6245$aSanto (Il) Padre alla «Scuola Cattolica» nel XXV di sua pubblicazionee lettere diverse$9(OLS)http://semarc/title/385616